Broadway Musical Characters A-Z Quiz Stats

 Plays Quiz Updated Oct 18, 2018

Score 0/25 Timer 06:00
2 Plays Today
Letter Broadway Character % Correct
DDorothy
91.9%
OOliver Twist
90.4%
SSandy Dumbrowski
87%
MMaria
86.9%
GGlinda the Good Witch of the North
78.4%
BBilly Elliot
78.3%
EEliza Doolittle
68.8%
TTracy Turnblad
66.5%
IIgor or Inga
65.9%
JJean Valjean
65.9%
ZZazu
62.8%
AAngel Dumott Schunard
61.8%
VVelma Kelly
58.6%
Letter Broadway Character % Correct
CCinderella
57.9%
KKing Arthur
52.6%
FFrankie Valli
47.6%
RRaoul, Vicomte de Chagny
47.1%
YYente
41.3%
HHarold Hill
40.7%
NNathan Detroit
40.7%
LLeopold Bloom
34.2%
PPrinceton
28.2%
WWendla Bergman
28.2%
UUsnavi
19.6%
QQueenie
18.7%

You're not logged in!

Compare scores with friends on all Sporcle quizzes.
OR
Log In

Sporcle TV

Today on Sporcle TV


Watch our educational content, quiz creation guides, and fun videos on Sporcle TV.

Show Comments

Extras

Top Quizzes Today


Score Distribution

Your Account Isn't Verified!

In order to create a playlist on Sporcle, you need to verify the email address you used during registration. Go to your Sporcle Settings to finish the process.

Report this User

Report this user for behavior that violates our Community Guidelines.

Details: